countries with the most covid cases - Statistics

General Stats
  • This quiz has been taken 14 times
  • The average score is 16 of 20
Answer Stats
Hint Answer % Correct
12 Italy
100%
5 UK
100%
north america USA
100%
6 France
92%
14 Germany
92%
2 India
92%
4 Russia
92%
13 Indonesia
83%
9 Iran
83%
11 Spain
83%
8 Argentina
75%
3 Brazil
75%
15 Mexico
75%
17 Poland
75%
16 South Africa
75%
7 Turkey
75%
18 Ukraine
75%
19 Peru
67%
10 Colombia
50%
asia Philippiens
0%
No matching quizzes found
Score Distribution
Percent of People with Each Score
Percentile by Number Answered
Your Score History
You have not taken this quiz